Statistics for May 4th: Birthdays

Click here to take the quiz!

General Stats

  • This quiz has been taken 4 times
  • The average score is 2 of 8

Answer Stats

YearClueAnswer% Correct
1929Actress in My Fair LadyAudrey Hepburn
75%
1928Egyptian presidentHosni Mubarak
50%
1958New York graffiti artistKeith Haring
25%
1972Part of band Green BayMike Dirnt
25%
1900Rehabilitated burned Royal Air Force crew in WWIIArchibald McIndoe
0%
1928Won US Women's Open 4 timesBetsy Rawls
0%
1796Father of American EducationHorace Mann
0%
1959Artist of Digging Up BonesRandy Travis
0%

Score Distribution

Percentile by Number Answered

Percent of People with Each Score

Your Score History

You have not taken this quiz